Online Catalogue and eLibrary

The Ceylon gazetteer : (Record no. 3423)

MARC details
000 -LEADER
fixed length control field 00573nam a2200193Ia 4500
005 - DATE AND TIME OF LATEST TRANSACTION
control field 20250127050811.0
008 - FIXED-LENGTH DATA ELEMENTS--GENERAL INFORMATION
fixed length control field 240331s9999 xx 000 0 und d
020 ## - INTERNATIONAL STANDARD BOOK NUMBER
ISBN 8170130530
082 ## - DDC Classification
Item Number - Author Mark CAS
Class No. 910
100 ## - MAIN ENTRY--PERSONAL NAME
Personal name Casie C.S
245 #4 - TITLE STATEMENT
Title The Ceylon gazetteer :
Remainder of title containing an accurate account of thedistricts, provinces, cities, towns, principal villages, harbours, rivers, lakes, etc.,
260 ## - PUBLICATION, DISTRIBUTION, ETC.
Place of publication, distribution, etc. New Delhi
Name of publisher, distributor, etc. Navrang
Date of publication, distribution, etc. 1989
300 ## - PHYSICAL DESCRIPTION
Extent (e.g. Volumes, Pages etc.) viii, 15 p .,
650 ## - SUBJECT ADDED ENTRY--TOPICAL TERM
Topical term or geographic name entry element Agriculture
650 ## - SUBJECT ADDED ENTRY--TOPICAL TERM
Topical term or geographic name entry element Populations
650 ## - SUBJECT ADDED ENTRY--TOPICAL TERM
Topical term or geographic name entry element Religion
650 ## - SUBJECT ADDED ENTRY--TOPICAL TERM
Topical term or geographic name entry element History
942 ## - Koha item type (Biblio)
Koha item type Books in Stacks (Lending)
Holdings
Lost status Damaged status Collection code Home library Current library Shelving location Date acquired Full call number Accession Number Item type
    Lending WERC Library WERC Library Social Science Cupboard 03/31/2024 910.35 CAS 1345 Books in Stacks (Lending)

© WERC Library